=LDR 00000nam 2200000 4500 =001 INLIS000000000050887 =005 20180327111314 =035 ##$$a 0010-0817000070 =007 ta =082 ##$$a 340.1Pod-p =100 ##$$a Adam Podgorecki =245 1#$$a Pendekatan sosiologis terhadap hukum =250 ##$$a Cet. l =260 ##$$a Jakarta :$b Bina Aksara,$c 1987 =300 ##$$a 416 Hlm ; $c 21 cm =008 180327###########################0###### =084 ##$$a 340.1Pod-p ADA p =990 ##$$a 65286528 =990 ##$$a 67.019 pro.94-95